000 00869nam a2200241 4500
010 _aA-828582
020 _c177.50
035 _aA-828582
037 _bCen Lib / Ret
040 _aDPL
_bEN
082 _a011.31
_bHIK
245 _aA descriptive catalogue of palm-leaf manuscripts in Tamil /
_cedited by Shu Hikosaka [and] G. John Samuel
260 _aMadras
_bInstitute of Asian Studies
_c1990
270 _aInstitute of Asian Studies
_bMadras
_e600041
300 _av 1(pt 1. 447)
_b27cm(Hb)
490 _aPublication (Institute of Asian Studies (Chennai, India)),
_v no. 10, 12, 14, 17, 25, 29, 35, 51, 62.
650 _aManuscripts, Tamil -- Union lists.
650 _aPalm-leaf manuscripts -- Union lists.
650 _aManuscripts, Tamil.
700 _aHikosaka, Shu
700 _aSamuel, G. John
942 _2ddc
_cEN
_h011.31
_mHIK
999 _c136615
_d136615